000 00766nam a22002057a 4500
999 _c8154
_d8154
003 AR-CdUCM
008 190322b ||||| |||| 00| 0 spa d
040 _aMUNICIPALIDAD PROVINCIAL DEL CUSCO
_cBIBLIOTECA MUNICIPAL DEL CUSCO
082 _22 ed.
_a551.5 /
_bF62
100 _aJoachim Flechtner, Hans
_923013
245 _aTu el tiempo :
_bVisión de la moderna meteorología y de sus principios científicos /
260 _aBarcelona :
_bLabor,
_c1956.
300 _a420 páginas ;
_c23 cm.
505 _aContenido : Introducción -- ¿Juguetes del tiempo? -- El océano de aire -- De la atmósfera al tiempo -- El tiempo ...
650 _aTiempo
_919460
650 _aMeteorología
_921608
650 _aCiencia
_92098
942 _2ddc
_cLIBROS
945 _arah